QUEST Central Library Banner

Handbook of Environmental Civil Engineering (Record no. 11968)

MARC details
000 -LEADER
fixed length control field 00371nam a22001457a 4500
020 ## - INTERNATIONAL STANDARD BOOK NUMBER
ISBN 0442295782
020 ## - INTERNATIONAL STANDARD BOOK NUMBER
ISBN 978-0442295783
082 ## - DEWEY DECIMAL CLASSIFICATION NUMBER
Classification number 624.02ZIL
100 ## - MAIN ENTRY--AUTHOR NAME
Personal name Zilly, Robert G
245 ## - TITLE STATEMENT
Title Handbook of Environmental Civil Engineering
260 ## - PUBLICATION, DISTRIBUTION, ETC. (IMPRINT)
Place of publication New York:
Name of publisher Van Nostron,
Year of publication 1975.
300 ## - PHYSICAL DESCRIPTION
Number of Pages 1029p. ;
650 ## - SUBJECT ADDED ENTRY--TOPICAL TERM
Topical Term Environmental Civil Engineering
942 ## - ADDED ENTRY ELEMENTS (KOHA)
Koha item type Books
Holdings
Withdrawn status Lost status Home library Current library Date acquired Cost, normal purchase price Full call number Accession Number Koha item type
    Central Library, QUEST, Nawabshah Central Library, QUEST, Nawabshah 14/01/2015 733.70 624.02ZIL 6039 Books

Copyright © 2018,The QUEST, Nawabshah, Shaheed Benazirabad. All rights reserved
Mr. G. Farooq Channar (Librarian) QUEST, Nawabshah, Sindh, Pakistan 67480.
 Ph#: |   0244-9370381-4 Ext. 2308   Email| lib@quest.edu.pk   Web|  http://www.quest.edu.pk